00681 2200241 4500001002100000005001500021035002000036007000300056008004100059020002200100082001600122084002200138100002300160245003700183250000600220260008300226300002700309650001700336650001200353700001700365856003400382990002300416INLIS00000000000791120260109103001 a0010-0126000044ta260109 0 ind  a978-602-8591-19-5 a635.1:635.7 a635.1:635.7 IND b0 aINDARTIYAH, Ndarie1 aBooklet Sayuran Dan Tanaman Obat a- aJakarta :bDirektorat Budidaya Dan Pasca Panen Sayuran Dan Tanaman Obat,c2012 a112p. :bIlus ;c14 cm 4aTanaman Obat 4aSayuran0 aIrma Siregar aPerpustakaan BBRMP Jawa Timur a43/2026/BBRMPJATIM